QUIZ Film - à contre sens - Statistiques

Statistiques générales
  • Ce quiz a été pris 2 742 fois
  • Le résultat moyen est 6 sur 13
Statistiques - réponses
Questions Réponses % Correct
Qui a battu Ronnie à la course ? Noah
76%
Quel personnage a kidnappé Noah ? Jonas / Son père
70%
Qui a enfermé Noah dans un placard pour se moquer d'elle ? Anna
69%
De quelle maladie la petite sœur de Nick est-elle atteinte ? Diabète
64%
Qu'est-ce que Nick a t'il du donné à Ronnie pour avoir "triché" à la course ? Sa voiture/ Porsche
64%
Comment s'appelle la mère de Noah ? Rafaella
60%
Quel est le nom complet de Nick ? Nicolas
54%
Comment s'appelle le chien des Leister ? Thor
45%
Complète :"il faut tirer le frein à main et ensuite tourner légèrement le volant de...° à droite et de ....° à gauche" 20 60
44%
Pourquoi Noah a t'elle rompu avec son ex petit copain Dan ? Il l'a trompé avec sa meilleure amie / Tromperie
44%
De quoi Noah a t'elle peur ? Bagarre / Violence
28%
Quel est le lien entre Noah et Nick ? Frères et sœurs par alliance
8%
Sur quelle musique Noah a t'elle fait son entrée sur la piste de course ? K. - Cigarettes After Sex
2%
Aucun quiz correspondant
Distribution des résultats
% des personnes avec chaque résultat
Percentile par nombre de réponses
Votre historique - résultats
Vous n’avez pas pris ce quiz